| 000 | 00648nam a2200217 a 4500 | ||
|---|---|---|---|
| 005 | 20220528063515.0 | ||
| 008 | 090622s2006 mx r 000 0 spa d | ||
| 020 | _a9788426348395 | ||
| 035 | _aUPN01000171354 | ||
| 049 | _aCG | ||
| 050 | 4 |
_aPQ6657 I8.2 _bA3.8 2006 |
|
| 100 | 1 |
_aGisbert, Joan Manuel, _d1949- _932067 |
|
| 245 | 1 | 0 |
_aAgualuna / _cJoan Manuel Gisbert ; il. Juan Ramón Alonso. |
| 250 | _a2a ed. | ||
| 260 |
_aZaragoza, Esp. : _bEdelvives, _c2006. |
||
| 300 |
_a145 p. : _bil. |
||
| 440 | 0 |
_aAla delta. _pVerde ; _v6 |
|
| 650 | 0 |
_aLiteratura juvenil española _912359 |
|
| 650 | 4 |
_aBRUJAS EN LA LITERATURA _99404 |
|
| 905 | _aLibro | ||
| 999 |
_c143459 _d143459 |
||